000
00292nam a2200133Ia 4500
005
20251222144800.0
008
251222s9999||||xx |||||||||||||| ||spa||
020
_a
8487317227
082
_a
700/T46
245
0
_a
Pintura Victoriana:
250
_a
1ra. ed.
264
_b
Musini
942
_c
LIB
999
_c
19700
_d
19700